Quicksilver / Amanda Quick.
"Historical romance novel featuring the Arcane Society, second in The Looking Glass Trilogy"-- Provided by publisher.
Record details
- ISBN: 9780399157370 (hardback)
- ISBN: 0399157379 (hardback)
- Physical Description: 342 pages ; 24 cm.
- Publisher: New York : G.P. Putnam's Sons, c2011.
Search for related items by subject
| Subject: | Secret societies > England > Fiction. Alchemists > Fiction. London (England) > History > 19th century > Fiction. Paranormal fiction. |
| Genre: | Romantic suspense fiction. |
Search for related items by series
Available copies
- 1 of 1 copy available at scottsboropl.
Holds
- 0 current holds with 1 total copy.
Show Only Available Copies
| Location | Call Number / Copy Notes | Barcode | Shelving Location | Status | Due Date |
|---|---|---|---|---|---|
| scottsboropl | F Qui | 32269000875628 | Adult - Fiction | Available | - |
| LDR | 01213cam a2200337 a 4500 | ||
|---|---|---|---|
| 001 | 118303 | ||
| 003 | CONS | ||
| 005 | 20170808083702.0 | ||
| 008 | 110105s2011 nyu 000 1 eng | ||
| 010 | . | ‡a 2010054376 | |
| 020 | . | ‡a9780399157370 (hardback) | |
| 020 | . | ‡a0399157379 (hardback) | |
| 035 | . | ‡a(CPomAG)LMN318442 | |
| 042 | . | ‡apcc | |
| 043 | . | ‡ae-uk-en | |
| 050 | 0 | 0. | ‡aPS3561.R44 ‡bQ85 2011 |
| 082 | 0 | 0. | ‡a813/.54 ‡222 |
| 100 | 1 | . | ‡aQuick, Amanda. |
| 245 | 1 | 0. | ‡aQuicksilver / ‡cAmanda Quick. |
| 260 | . | ‡aNew York : ‡bG.P. Putnam's Sons, ‡cc2011. | |
| 300 | . | ‡a342 pages ; ‡c24 cm. | |
| 520 | . | ‡a"Historical romance novel featuring the Arcane Society, second in The Looking Glass Trilogy"-- ‡cProvided by publisher. | |
| 650 | 0. | ‡aSecret societies ‡zEngland ‡vFiction. | |
| 650 | 0. | ‡aAlchemists ‡vFiction. | |
| 651 | 0. | ‡aLondon (England) ‡xHistory ‡y19th century ‡vFiction. | |
| 650 | 0. | ‡aParanormal fiction. | |
| 655 | 7. | ‡aRomantic suspense fiction. ‡2gsafd | |
| 800 | 1 | . | ‡aKrentz, Jayne Ann. ‡tLooking glass trilogy ; ‡v2. |
| 800 | 1 | . | ‡aQuick, Amanda. ‡tArcane Society novel. |
| 959 | . | ‡i32269000875628 ‡lF Qui ‡aAdult - Fiction ‡tFiction ‡g26.00 | |
| 852 | . | ‡p32269000875628 ‡jF Qui ‡gAdult - Fiction ‡cFiction ‡y26.00 ‡bSBPL | |
| 901 | . | ‡a118303 ‡bUnknown ‡c118303 ‡tbiblio | |